Purchasing power parities and real expenditures 1999 benchmark year

Salvato in:
Dettagli Bibliografici
Natura: Libro
Lingua:inglese
francese
Pubblicazione: Paris OECD 2002
Serie:Statistics
Soggetti:
Tags: Aggiungi Tag
Nessun Tag, puoi essere il primo ad aggiungerne!!

MARC

LEADER 00000nam a2200000 4500
001 c133297
005 20240422122237.5
020 |a 92-64-09730-9 
041 0 |a eng 
041 0 |a fre 
044 |a FR 
245 1 0 |a Purchasing power parities and real expenditures  |b 1999 benchmark year 
264 1 |a Paris  |b OECD  |c 2002 
300 |a 205 s. 
490 1 |a Statistics 
830 0 |a Statistics 
610 2 0 |a sila kúpna obyvateľstva 
610 2 0 |a sila kúpna peňazí 
610 2 0 |a produkt domáci hrubý 
610 2 0 |a výdavky 
610 2 0 |a údaje štatistické 
610 2 0 |a údaje štatistické medzinárodné 
610 2 0 |a porovnanie štatistické medzinárodné 
610 2 0 |a svet 
610 2 0 |a OECD 
610 2 0 |a 1999